000 00619nmm a2200241 a 4500
003 AR-BaBNM
005 20251128211423.0
008 154020s1951 ||||||||||||||000 | spa||
040 _cAR-BaBNM
100 1 _aBrod, Max
245 1 0 _aKafka
260 _aBuenos Aires
_bEmecé
_c1951
300 0 _a274 p.
_bil.
500 0 _aContiene fragmentos de un manuscrito de Kafka y dibujos de Kafka
600 1 4 _aKafka, Franz
650 4 _aBIOGRAFIAS
650 4 _aVIDA LITERARIA
653 0 _aLITERATURA CHECA
655 _aBIOGRAFIAS
700 1 _aGriesen, Carlos F.
_etraductor
942 _cBK
998 _cEugenia
999 _c19615
_d19615